Name An African Capital A-Z - Statistics

General Stats
  • This quiz has been taken 563 times
    42 since last reset
  • The average score is 17 of 20
Answer Stats
Letter Country % Correct
A Abuja | Accra | Addis Ababa | Algiers | Antananarivo | Asmara
97%
C Cairo | Cape Town | Ciudad de la Paz | Conakry | Cotonou
97%
K Kampala | Khartoum | Kigali | Kinshasa
97%
M Maputo | Maseru | Mbabane | Mogadishu | Monrovia | Moroni
94%
P Port Louis | Porto-Novo | Praia | Pretoria
94%
T Tripoli | Tunis
94%
B Bamako | Bangui | Banjul | Bissau | Bloemfontein | Brazzaville
92%
D Dakar | Djibouti | Dodoma
92%
N Nairobi | N'Djamena | Niamey | Nouakchott
92%
L Libreville | Lilongwe | Lome | Luanda | Lusaka
89%
R Rabat
89%
G Gaborone | Gitega
86%
J Juba
86%
Y Yamoussoukro | Yaoundé
83%
H Harare
81%
W Windhoek
81%
F Freetown
78%
V Victoria
78%
O Ouagadougou
75%
S São Tomé
67%
No matching quizzes found
Score Distribution
Percent of People with Each Score
Percentile by Number Answered
Your Score History
You have not taken this quiz since the last reset